Every 100,000+ City in South Africa in Order - Statistics

General Stats
  • This quiz has been taken 23 times
    7 since last reset
  • The average score is 23 of 84
Answer Stats
Letter Population City % Correct
C-T 5,072,248 Cape Town
100%
D 4,282,805 Durban
100%
G 1,744,034 Gqeberha
100%
J 15,702,336 Johannesburg
100%
P 3,172,680 Pretoria
100%
S 1,815,047 Soweto
100%
E-L 513,049 East London
86%
P 1,058,191 Pietermaritzburg
86%
G 243,197 George
71%
N 533,710 Newcastle
71%
W 241,626 Welkom
71%
B 540,395 Bloemfontein
57%
E-V-V 1,281,959 Evaton-Vanderbijlpark-Vereeniging
57%
K 301,460 Kimberley
57%
R 712,826 Rustenburg
57%
S 1,219,701 Soshanguve
43%
K 233,093 Klerksdorp
29%
M 198,006 Middelburg
29%
P 376,055 Paarl
29%
P 215,740 Potchefstroom
29%
S 138,547 Stellenbosch
29%
A 207,537 Alberton
14%
B 605,344 Benoni
14%
B 116,240 Berea
14%
B 126,883 Bethal
14%
B 227,340 Bethelsdorp
14%
B 445,168 Boksburg
14%
B 202,730 Botshabelo
14%
B 305,692 Brakpan
14%
B 110,515 Brits
14%
C 182,304 Carletonville
14%
C 579,334 Centurion
14%
C 230,059 Chatsworth
14%
D 100,500 Dundee
14%
E 581,013 eMalahleni
14%
E 160,010 Ennerdale
14%
E 116,556 Ermelo
14%
G 451,019 Germiston
14%
H 127,238 Heidelberg
14%
I 320,982 Ibhayi
14%
I 188,619 Inanda
14%
K 405,010 Kanyamazane
14%
K 194,211 Kariega
14%
K 541,130 Katlehong
14%
K-P 240,220 Kempton Park
14%
K 125,412 Kokstad
14%
K 124,377 Komani
14%
K 168,762 Kroonstad
14%
K 378,821 Krugersdorp
14%
K 108,224 KwaDukuza
14%
K 201,559 KwaMashu
14%
K 270,737 KwaMhlanga
14%
K-N 124,401 Kwa Nobuhle
14%
L-T 104,620 Louis Trichardt
14%
M 373,105 Mafikeng
14%
M 178,011 Mangaung
14%
M 131,443 Mankweng
14%
M 205,070 Mbombela
14%
M 162,527 Mdantsane
14%
M 610,630 Midrand
14%
M 140,819 Mokopane
14%
M-B 140,075 Mossel Bay
14%
M 143,840 Motherwell
14%
M 220,560 Mthatha
14%
N 140,644 Nigel
14%
O 109,113 Orkney
14%
P 120,637 Phalaborwa
14%
P 216,989 Phoenix
14%
P 236,505 Phuthaditjhaba
14%
P 254,026 Pinetown
14%
P 507,411 Polokwane
14%
R 133,654 Randfontein
14%
R 402,509 Roodepoort
14%
S 179,425 Sasolburg
14%
S 225,405 Springs
14%
S 126,737 Standerton
14%
S 211,495 Swalala
14%
T 177,646 Taung
14%
T 511,655 Thembisa
14%
T 248,425 Thohoyandou
14%
U 461,392 Umlazi
14%
U 149,085 uMnambithi
14%
V 229,493 Vosloorus
14%
W 151,708 Worcester
14%
No matching quizzes found
Score Distribution
Percent of People with Each Score
Percentile by Number Answered
Your Score History
You have not taken this quiz since the last reset